| 000 | 01113nam a2200277 i 4500 | ||
|---|---|---|---|
| 001 | bg | ||
| 111 | 2 |
_aIEEE International Conference on Methods and Models in Automation and Robotics _n(8 ; _d2002 ; _cSzczecin). |
|
| 245 | 1 | 0 |
_aProceedings of the 8th IEEE International Confernce Methods and models in automation and robotics _h[Dokument elektroniczny] : _bMMAR 2002 : 2-5 September 2002 Szczecin, Poland / _cInstitute of Control Engineering, Technical University of Szczecin, Poland. |
| 246 | 3 | 0 | _aMethods and models in automation and robotics |
| 246 | 3 | 1 | _aMMAR 2002 |
| 260 |
_aSzczecin : _bWydawnictwo Uczelniane Politechniki Szczecińskiej, _c2002. |
||
| 300 | _a1 dysk optyczny (CD ROM). | ||
| 650 | 9 |
_aAutomatyka _xzagadnienia |
|
| 650 | 9 |
_aSterowanie _xteoria |
|
| 650 | 9 | _aRoboty i manipulatory | |
| 650 | 4 | _aCD ROM | |
| 655 | _aMateriały konferencyjne | ||
| 710 | 0 | _aPolitechnika Szczecińska | |
| 020 | _a88764667 (CD) | ||
| 040 | _cBPK | ||
| 041 | 0 | _aeng | |
| 080 | _a681.5:62-52:007.5:004(06) | ||
| 920 | _a88764-66-7 (CD) | ||
| 942 | _cCD | ||
| 008 | s pl f |000 0 pol | ||
| 999 |
_c24033 _d24033 |
||
| 856 |
_uhttp://koha.tu.koszalin.pl/cgi-bin/koha/opac-detail.pl?biblionumber=24033 _yKatalog online BPK |
||